000 00383nam a22001217a 4500
008 230605b xxu||||| |||| 00| 0 eng d
020 _a9966854436
082 _a333.76762
_bAKO
245 _aHarnessing Human Nature For Socio-Economic Development In Kenya
_bAn Anthropological Exegesis
_cJoshua Jason Akong'a
260 _aKenya
_bMoi University
_c2009
300 _a89 p
942 _2ddc
_cBK
999 _c399
_d399